000 00210nam a22000857a 4500
008 170614b xxu||||| |||| 00| 0 eng d
100 _93414
_aGupta. A. D
245 _aMath steps - 4
260 _aNew Delhi
_bPatra
_c2010
999 _c6776
_d6776